| 000 | 00449nam a2200169Ia 4500 | ||
|---|---|---|---|
| 008 | 230524s9999 xx 000 0 und d | ||
| 020 | _a03339322190 | ||
| 082 |
_a541.3 _bKAP |
||
| 100 | _aK.L.Kapoor | ||
| 245 | 2 | _aA Text Book of Physical Chemistry Vol-2: (Thermodynamics & Chemical Equilibrium) | |
| 250 | _a3RD | ||
| 260 |
_aNEW DELHI _bMacmillan _c2001 |
||
| 300 | _a464 | ||
| 500 | _aQuantity Number: 9 | ||
| 650 | _aChemistry | ||
| 942 | _cBK | ||
| 999 |
_c1426 _d1426 |
||